000 00619nam a22002297a 4500
003 UA-OsUOA
001 94802
007 ta
008 20130218b un ||||| |||| 00| 0 ukr d
100 _aДілов Л.
090 _a821.163.2
_bД46
942 _cBK
040 _aUA-OsUOA
_bukr
_cUA-OsUOA
_dUA-OsUOA
245 _aПам'ятаю ту весну
_bромантична історія
300 _a242 с.
955 _a3
041 _aukr
080 _a821.163.2
260 _aК.
_bМолодь
_c1970
650 7 _a82 Література. Літературознавство
_2UDC
999 _c381047
_d381047